|
|
|
|
| LEADER |
00000nab a2200000 a 4500 |
| 001 |
vtls000810550 |
| 003 |
SK-MaSNL |
| 005 |
20260302150554.0 |
| 008 |
160322c2002 xo 0 slo |
| 015 |
|
|
|a SNBRB2002/10-32458
|
| 035 |
|
|
|a CLN000162205
|
| 040 |
|
|
|a SNKBUCL
|b slo
|c SNKBUCL
|e AACR2
|
| 041 |
0 |
|
|a slo
|
| 044 |
|
|
|a xo
|c SK
|
| 080 |
|
|
|a 791.44.071.1:791.43.05
|2 UDC-MRF-SK2
|
| 080 |
|
|
|a 791.43.05
|2 UDC-MRF-SK2
|
| 080 |
|
|
|a 929 Slivka, Martin
|2 UDC-MRF-SK2
|
| 100 |
1 |
|
|a Opoldusová, Jena
|4 aut
|9 840529
|
| 245 |
1 |
0 |
|a Odišiel veľký a múdry človek
|c Jena Opoldusová
|
| 300 |
|
|
|b Fotogr.
|
| 600 |
1 |
7 |
|a Slivka, Martin,
|d 1929-2002
|2 snkbucl
|9 236932
|
| 655 |
|
7 |
|a články z novín a časopisov
|2 snkbucl
|9 267496
|
| 773 |
0 |
|
|x 1335-4051
|t Pravda
|g Roč. 12, č. 223 (25.9.2002), s. 22
|
| 850 |
|
|
|a Slovenská národná knižnica v Martine
|
| 852 |
|
|
|a SNK
|b KIS3GCP
|
| 958 |
|
|
|a SK
|
| 958 |
|
|
|a BX
|
| 958 |
|
|
|a RBX
|
| 999 |
|
|
|c 1357590
|d 1359520
|